000 00416nam a2200133 a 4500
001 ASIN0520051254
005 20140715164108.0
008 140715s2010 xxu eng d
100 1 _aNag P K.
245 1 0 _aBasic and applied thermodynamics
_cP K Nag.
260 _aNew Delhi :
_bTata McGraw Hill
_c2010.
300 _a846 p. ;
_c25 cm.
856 4 0 _3Amazon.com
_uhttp://www.amazon.com/exec/obidos/ASIN/chopaconline-20
999 _c8002
_d8002